| 000 | 00991nam a22002777a 4500 | ||
|---|---|---|---|
| 005 | 20110315123254.0 | ||
| 008 | 110315t xxu||||| |||| 00| 0 eng d | ||
| 010 | _aENG-102129 | ||
| 020 |
_a9780071067737 _c249.00 |
||
| 020 |
_a0071067736 _c249.00 |
||
| 035 | _aEN-85662 | ||
| 037 | _bDBAD/PUB | ||
| 040 |
_adpl _bEng |
||
| 082 | 0 | 0 | _a658.8 |
| 100 | 1 |
_aChandrasekar, K. S. _926588 |
|
| 245 | 1 | 0 |
_aMarketing management : _cby K.S. Chandrasekar _btext and cases / |
| 260 |
_aNew Delhi _bTata McGraw-Hill _c2010 |
||
| 270 |
_a7, West Patel Nagar _bNew Delhi _e110008 |
||
| 300 |
_axviii, 538 p. _c24 cm (pbk) |
||
| 500 | _aIncludes index. | ||
| 650 | 0 | _926589 | |
| 650 | 0 | _926590 | |
| 942 |
_2ddc _cEN _h658.8 _mCHA |
||
| 999 |
_c51060 _d51060 |
||